[Event "2. Bundesliga West 2014/15"]
[Site "Diverse"]
[Date "2014.10.11"]
[Round "2"]
[Board "2"]
[White "Eisenbeiser, Amadeus"]
[Black "Kessler, Luca"]
[Result "1/2-1/2"]
[WhiteElo "2365"]
[BlackElo "2324"]
[PlyCount "63"]
[EventDate "2014.10.10"]
[EventType "team"]
[EventRounds "11"]
[EventCountry "AUT"]
[WhiteTeam "Goetzis"]
[BlackTeam "Hohenems II"]

1.c4 g6 2.Nc3 Nf6 3.e4 e5 4.Nf3 Bg7 5.Nxe5 Qe7 6.d4 d6 7.Nf3 Nxe4 8.Nd5 Qd8 9.Bd3
O-O 10.Bxe4 Re8 11.O-O Rxe4 12.Re1 Rxe1+ 13.Qxe1 Bg4 14.Bg5 f6 15.Qe4 Bxf3 16.Qe6+
Kh8 17.gxf3 fxg5 18.Nxc7 Nc6 19.Nxa8 Nxd4 20.Qf7 Qxa8 21.Re1 Be5 22.c5 b6 23.c6 Nxc6
24.Qd5 Qe8 25.Qxd6 Kg7 26.Qd5 Bxh2+ 27.Kf1 Be5 28.Rc1 Nd4 29.Rd1 Nc6 30.Rc1 Nd4 31.Rd1
Nc6 32.Rc1 1/2-1/2

[Event "2. Bundesliga West 2014/15"]
[Site "Diverse"]
[Date "2014.10.11"]
[Round "2"]
[Board "3"]
[White "Novkovic, Milan"]
[Black "Becker, Matthias"]
[Result "1-0"]
[WhiteElo "2380"]
[BlackElo "2138"]
[PlyCount "91"]
[EventDate "2014.10.10"]
[EventType "team"]
[EventRounds "11"]
[EventCountry "AUT"]
[WhiteTeam "Hohenems II"]
[BlackTeam "Goetzis"]

1.Nf3 Nf6 2.c4 g6 3.b4 Bg7 4.Bb2 O-O 5.e3 d6 6.d4 e5 7.Nc3 exd4 8.Nxd4 c5 9.bxc5 dxc5
10.Nb3 Qc7 11.Nb5 Qe7 12.Qd6 Qxd6 13.Nxd6 b6 14.Be2 a5 15.Nxc8 Rxc8 16.Nd2 a4 17.a3
Nc6 18.Rb1 Na5 19.O-O Rd8 20.Bc3 Ne8 21.Bxa5 Rxa5 22.Rfd1 Ra7 23.Ne4 Rxd1+ 24.Bxd1
f5 25.Ng5 h6 26.Nh3 Nd6 27.Bf3 Kh7 28.Bd5 Ra6 29.Nf4 Bc3 30.Ne6 Ba5 31.Nf8+ Kg7 32.Nd7
Ne4 33.Bxe4 fxe4 34.Nb8 Ra7 35.Nc6 Rd7 36.Nxa5 bxa5 37.h4 Rd3 38.Rb5 Rxa3 39.Rxa5
Kf6 40.Rxc5 Rc3 41.g4 Ke6 42.Rc6+ Kd7 43.Rxg6 a3 44.Ra6 Kc7 45.Kg2 Kb7 46.Ra4 1-0

[Event "2. Bundesliga West 2014/15"]
[Site "Diverse"]
[Date "2014.10.11"]
[Round "2"]
[Board "4"]
[White "Mittelberger, Peter"]
[Black "Gaertner, Guntram"]
[Result "1-0"]
[WhiteElo "2203"]
[BlackElo "2226"]
[PlyCount "95"]
[EventDate "2014.10.10"]
[EventType "team"]
[EventRounds "11"]
[EventCountry "AUT"]
[WhiteTeam "Goetzis"]
[BlackTeam "Hohenems II"]

1.Nf3 d5 2.g3 c6 3.Bg2 Nf6 4.O-O Bf5 5.d4 e6 6.c4 Be7 7.Ne5 Nbd7 8.Nxd7 Qxd7 9.Qb3
O-O 10.Rd1 b5 11.c5 a5 12.Bg5 a4 13.Qc3 Rfb8 14.Nd2 h6 15.Bxf6 Bxf6 16.Nf3 Qc7 17.Ne5
b4 18.Qe3 Bxe5 19.dxe5 Ra5 20.Rac1 Qa7 21.Qd4 b3 22.e4 dxe4 23.axb3 axb3 24.Rc4 Ra1
25.Rcc1 Rxc1 26.Rxc1 Qa5 27.h3 Rd8 28.Qc3 Qxc3 29.Rxc3 Rd3 30.Rxd3 exd3 31.Kf1 d2
32.Ke2 Bd3+ 33.Kxd2 Bb5 34.Kc3 Kf8 35.Be4 Ke7 36.Bd3 Kd7 37.Bc4 Kc7 38.Kxb3 Kb7 39.Kb4
Bxc4 40.Kxc4 Ka7 41.f4 h5 42.h4 Kb7 43.Kb4 Ka6 44.Ka4 Kb7 45.Ka5 Ka7 46.b4 Kb7 47.b5
cxb5 48.Kxb5 1-0

[Event "2. Bundesliga West 2014/15"]
[Site "Diverse"]
[Date "2014.10.11"]
[Round "2"]
[Board "5"]
[White "Burschowsky, Matthias"]
[Black "Quintero Ortega, Carlos"]
[Result "1-0"]
[WhiteElo "2208"]
[BlackElo "2190"]
[PlyCount "99"]
[EventDate "2014.10.10"]
[EventType "team"]
[EventRounds "11"]
[EventCountry "AUT"]
[WhiteTeam "Hohenems II"]
[BlackTeam "Goetzis"]

1.Nf3 d5 2.g3 c6 3.Bg2 Bg4 4.b3 Nd7 5.Bb2 e6 6.c4 Ngf6 7.O-O Bd6 8.d3 O-O 9.Qc2 Qe7
10.a3 a5 11.Nbd2 e5 12.e4 dxe4 13.dxe4 Rfd8 14.h3 Bh5 15.Nh4 Bg6 16.Nf5 Qf8 17.Rfd1
Bc5 18.Nf3 Bxf5 19.exf5 e4 20.Nd4 Re8 21.Re1 h6 22.Kh2 Rad8 23.Bxe4 Ne5 24.Nf3 Nxe4
25.Bxe5 Nxf2 26.b4 axb4 27.axb4 Bxb4 28.Qxf2 Bxe1 29.Rxe1 f6 30.Bc7 Rxe1 31.Qxe1 Re8
32.Qf2 b5 33.cxb5 cxb5 34.Qa2+ Kh7 35.Bb6 Qd6 36.Bf2 Qd3 37.Nd4 Re7 38.Qa8 Qd2 39.Kg1
Qc1+ 40.Kg2 Rc7 41.Nxb5 Rc2 42.Nd4 Rc8 43.Qf3 Rb8 44.Ne6 Rb1 45.Kh2 Qf1 46.g4 Rd1
47.g5 fxg5 48.f6 Rd2 49.Qf5+ g6 50.Nf8+ 1-0

[Event "2. Bundesliga West 2014/15"]
[Site "Diverse"]
[Date "2014.10.11"]
[Round "2"]
[Board "6"]
[White "Kranz, Armin"]
[Black "Sandholzer, Robert"]
[Result "1-0"]
[WhiteElo "2131"]
[BlackElo "2175"]
[PlyCount "53"]
[EventDate "2014.10.10"]
[EventType "team"]
[EventRounds "11"]
[EventCountry "AUT"]
[WhiteTeam "Goetzis"]
[BlackTeam "Hohenems II"]

1.d4 d5 2.c4 e6 3.Nf3 Nf6 4.g3 dxc4 5.Bg2 Bb4+ 6.Bd2 c5 7.Bxb4 cxb4 8.Ne5 O-O 9.a3
Nc6 10.Bxc6 bxc6 11.O-O Qc7 12.axb4 Nd5 13.Qa4 Rb8 14.Qxa7 Rxb4 15.e4 Rb7 16.Qc5 Nf6
17.Nd2 Rxb2 18.Nxc6 Rb7 19.Rfc1 h6 20.Rxc4 Re8 21.Ra8 Kh7 22.Na5 Qd7 23.Nxb7 Bxb7
24.Ra7 Ra8 25.Rb4 Rxa7 26.Qxa7 Nxe4 27.Nxe4 1-0

[Event "2. Bundesliga West 2014/15"]
[Site "Diverse"]
[Date "2014.10.11"]
[Round "2"]
[Board "1"]
[White "Perunovic, Milos"]
[Black "Graf, Felix"]
[Result "1-0"]
[WhiteElo "2632"]
[BlackElo "2478"]
[PlyCount "123"]
[EventDate "2014.10.10"]
[EventType "team"]
[EventRounds "11"]
[EventCountry "AUT"]
[WhiteTeam "Dornbirn"]
[BlackTeam "Bregenz"]

1.e4 e6 2.d4 d5 3.Nc3 Nc6 4.e5 f6 5.Bb5 Bd7 6.Nf3 a6 7.Bxc6 Bxc6 8.O-O Qd7 9.a4 Bb4
10.Na2 Be7 11.b3 O-O-O 12.c3 Nh6 13.Nb4 Nf7 14.Nd3 Kb8 15.Ba3 Rhf8 16.Re1 Ng5 17.Nxg5
fxg5 18.Bxe7 Qxe7 19.b4 Bd7 20.Nc5 Ka7 21.Qd3 Be8 22.a5 Bd7 23.Nxd7 Qxd7 24.Qxh7 Qf7
25.Ra2 Rh8 26.Qd3 g4 27.f3 Qh5 28.g3 gxf3 29.Rf2 Rdf8 30.Re3 g5 31.Rexf3 Rxf3 32.Qxf3
Qh7 33.Qg4 Qb1+ 34.Kg2 Qe1 35.Qf3 Rh7 36.h3 Qb1 37.Qg4 Qe1 38.Qxg5 Qxc3 39.Qd2 Qa1
40.h4 Rh8 41.Rf1 Qa3 42.Rf3 Qa1 43.Qc3 Qd1 44.Qc5+ Ka8 45.Rf8+ Rxf8 46.Qxf8+ Ka7 47.Qf3
Qd2+ 48.Qf2 Qxb4 49.h5 Qb1 50.g4 c5 51.dxc5 Qe4+ 52.Qf3 Qc2+ 53.Kg3 d4 54.c6 Qc5 55.cxb7
Qxe5+ 56.Kh3 Qd6 57.h6 e5 58.b8=Q+ Kxb8 59.Qb3+ Kc8 60.Qg8+ Kd7 61.Qg7+ Kc6 62.h7 1-0

[Event "2. Bundesliga West 2014/15"]
[Site "Diverse"]
[Date "2014.10.11"]
[Round "2"]
[Board "2"]
[White "Abhau, Jochen"]
[Black "Milanovic, Danilo"]
[Result "0-1"]
[WhiteElo "2265"]
[BlackElo "2471"]
[PlyCount "108"]
[EventDate "2014.10.10"]
[EventType "team"]
[EventRounds "11"]
[EventCountry "AUT"]
[WhiteTeam "Bregenz"]
[BlackTeam "Dornbirn"]

1.Nf3 Nf6 2.c4 e6 3.g3 a6 4.d4 b5 5.b3 Bb7 6.Bg2 Bb4+ 7.Bd2 Be7 8.O-O O-O 9.Bc3 Ra7
10.Nbd2 c5 11.Qc2 bxc4 12.bxc4 Nc6 13.dxc5 Bxc5 14.Rfd1 Be7 15.Nb3 h6 16.Qb2 Ba8 17.Rac1
Qb8 18.e4 Rc8 19.e5 Ne4 20.Be1 Nc5 21.Rb1 Rb7 22.Qc2 Nb4 23.Qe2 Nxa2 24.Qxa2 Rxb3
25.Rxb3 Qxb3 26.Qxb3 Nxb3 27.Rxd7 Bc5 28.Nd2 Nxd2 29.Bxd2 Bxg2 30.Kxg2 Kf8 31.Kf3
Ke8 32.Rb7 Bd4 33.Bb4 Bxe5 34.Re7+ Kd8 35.Rxf7 Rxc4 36.Ba5+ Ke8 37.Ra7 Rc6 38.Ke4
Bf6 39.h4 Kf8 40.Bb4+ Kg8 41.Bd2 h5 42.Bf4 Rc4+ 43.Kf3 Ra4 44.Bg5 Ra3+ 45.Ke4 Ra4+
46.Kf3 Bc3 47.Re7 e5 48.Rc7 Bb2 49.Rb7 Ba1 50.Be3 Kh7 51.Bc5 Kg6 52.Bf8 e4+ 53.Kf4
Bd4 54.Rd7 e3 0-1

[Event "2. Bundesliga West 2014/15"]
[Site "Diverse"]
[Date "2014.10.11"]
[Round "2"]
[Board "3"]
[White "Sergeev, Vladimir"]
[Black "Matt, Fabian"]
[Result "1-0"]
[WhiteElo "2448"]
[BlackElo "2183"]
[PlyCount "77"]
[EventDate "2014.10.10"]
[EventType "team"]
[EventRounds "11"]
[EventCountry "AUT"]
[WhiteTeam "Dornbirn"]
[BlackTeam "Bregenz"]

1.c4 e5 2.g3 Nf6 3.Bg2 d5 4.cxd5 Nxd5 5.Nf3 Nc6 6.O-O Be7 7.d4 exd4 8.Nxd4 Nxd4 9.Qxd4
Nb4 10.Qxd8+ Bxd8 11.Nc3 O-O 12.Bf4 Re8 13.a3 Na6 14.b4 c6 15.b5 cxb5 16.Nxb5 Nc5
17.Be3 Ne4 18.Rfd1 Ba5 19.Rac1 Bf5 20.Rd5 Bg6 21.Nc7 Bxc7 22.Rxc7 Rac8 23.Rxc8 Rxc8
24.Rd7 h6 25.Rxb7 a5 26.Ra7 Nc3 27.Kf1 Bf5 28.Rxa5 Bg4 29.Ra8 Rxa8 30.Bxa8 Bxe2+ 31.Ke1
Bb5 32.Bd4 Ne2 33.Bb2 g5 34.a4 Ba6 35.f3 f5 36.Bd5+ Kf8 37.Kf2 Ke7 38.Bb3 f4 39.g4 1-0

[Event "2. Bundesliga West 2014/15"]
[Site "Diverse"]
[Date "2014.10.11"]
[Round "2"]
[Board "4"]
[White "Bezler, Rainer"]
[Black "Novkovic, Julia"]
[Result "0-1"]
[WhiteElo "2215"]
[BlackElo "2156"]
[PlyCount "94"]
[EventDate "2014.10.10"]
[EventType "team"]
[EventRounds "11"]
[EventCountry "AUT"]
[WhiteTeam "Bregenz"]
[BlackTeam "Dornbirn"]

1.d4 Nf6 2.c4 g6 3.Nc3 Bg7 4.e4 d6 5.Nf3 O-O 6.Be2 e5 7.O-O Nc6 8.d5 Ne7 9.Ne1 Nd7
10.Nd3 c5 11.a3 a6 12.b4 b6 13.bxc5 bxc5 14.Rb1 Kh8 15.f3 f5 16.Nf2 Ng8 17.Qa4 f4
18.Bd2 Qh4 19.Qc6 Ra7 20.Na4 Qf6 21.Nb6 Ne7 22.Qa4 Nxb6 23.Rxb6 h5 24.Rfb1 g5 25.Qd1
Rg8 26.Nd3 g4 27.Nxc5 g3 28.Ne6 gxh2+ 29.Kh1 Bf8 30.Bf1 h4 31.Bb4 h3 32.Rb2 Bxe6 33.dxe6
Nc8 34.Rb8 Qxe6 35.Qd5 Qd7 36.Bc3 Ne7 37.Qf7 Ng6 38.Qxd7 Rxd7 39.Kxh2 hxg2 40.Rxg2
Rh7+ 41.Kg1 Kg7 42.c5 Kf6 43.Bc4 Rgh8 44.c6 d5 45.Rxf8+ Nxf8 46.exd5 Rh1+ 47.Kf2 Rc1 0-1

[Event "2. Bundesliga West 2014/15"]
[Site "Diverse"]
[Date "2014.10.11"]
[Round "2"]
[Board "5"]
[White "Kanonier, Clemens"]
[Black "Poettinger, Harald"]
[Result "0-1"]
[WhiteElo "2117"]
[BlackElo "2212"]
[PlyCount "52"]
[EventDate "2014.10.10"]
[EventType "team"]
[EventRounds "11"]
[EventCountry "AUT"]
[WhiteTeam "Dornbirn"]
[BlackTeam "Bregenz"]

1.e4 d6 2.d4 Nf6 3.Nc3 e5 4.Nf3 Nbd7 5.h3 Be7 6.g4 c6 7.a4 O-O 8.Bg2 h6 9.O-O Re8
10.b3 Qc7 11.g5 hxg5 12.Nxg5 Nf8 13.f4 Qa5 14.b4 Qxb4 15.Ne2 Ne6 16.c3 Qa5 17.f5 Nxg5
18.Bxg5 exd4 19.cxd4 Nxe4 20.Bxe7 Rxe7 21.Bxe4 Rxe4 22.Ng3 Rh4 23.Qe2 Qd8 24.Kh2 Bd7
25.Rg1 Qg5 26.Raf1 Re8 0-1

[Event "2. Bundesliga West 2014/15"]
[Site "Diverse"]
[Date "2014.10.11"]
[Round "2"]
[Board "6"]
[White "Mayr, Manfred"]
[Black "Gsteu, Peter"]
[Result "1/2-1/2"]
[WhiteElo "2050"]
[BlackElo "2060"]
[PlyCount "61"]
[EventDate "2014.10.10"]
[EventType "team"]
[EventRounds "11"]
[EventCountry "AUT"]
[WhiteTeam "Bregenz"]
[BlackTeam "Dornbirn"]

1.Nf3 d5 2.c4 e6 3.b3 Nf6 4.Bb2 c6 5.g3 Nbd7 6.Bg2 Be7 7.O-O O-O 8.Nc3 b6 9.Rc1 Bb7
10.Rc2 c5 11.cxd5 Nxd5 12.Nxd5 Bxd5 13.Qa1 Bf6 14.d3 Bxb2 15.Qxb2 Qf6 16.Qa3 Ne5 17.Nxe5
Qxe5 18.b4 Bxg2 19.Kxg2 cxb4 20.Qxb4 Rac8 21.Rfc1 Rxc2 22.Rxc2 g6 23.Qa4 Qd5+ 24.Kg1
Qb7 25.h4 h5 26.Rc6 Rd8 27.Qc2 Rd7 28.Qc3 Rd8 29.a3 Qa6 30.Rc7 Qa4 31.Kh2 1/2-1/2

[Event "2. Bundesliga West 2014/15"]
[Site "Diverse"]
[Date "2014.10.11"]
[Round "2"]
[Board "1"]
[White "Roeberg, Frank"]
[Black "Schramm, Christian"]
[Result "0-1"]
[WhiteElo "2249"]
[BlackElo "2397"]
[PlyCount "88"]
[EventDate "2014.10.10"]
[EventType "team"]
[EventRounds "11"]
[EventCountry "AUT"]
[WhiteTeam "Schwarzach"]
[BlackTeam "SIR Bernhard 2"]

1.e4 e6 2.Nf3 d5 3.Nc3 Nf6 4.e5 Nfd7 5.d4 c5 6.Bg5 Qa5 7.Bd2 Qb6 8.Na4 Qc7 9.c4 dxc4
10.Bxc4 cxd4 11.O-O Nc6 12.Rc1 Ndxe5 13.Bb5 Nxf3+ 14.Qxf3 Bd7 15.Rfd1 a6 16.Bf4 Bd6
17.Bxd6 Qxd6 18.Nb6 Rd8 19.Nxd7 Qxd7 20.Bxc6 bxc6 21.Qxc6 O-O 22.Qxa6 e5 23.Qa5 e4
24.Qb4 f5 25.h3 h6 26.Qb6 Rf6 27.Qa5 d3 28.Rc7 Qd4 29.Qc5 Qxc5 30.Rxc5 Kf7 31.Rc7+
Kg6 32.Re7 Rb6 33.b3 Rc6 34.g3 Kf6 35.Ra7 g5 36.Ra4 Ke5 37.Kf1 Rd4 38.Ra5+ Rd5 39.Ra4
Rd4 40.Ra5+ Rd5 41.Ra4 f4 42.Re1 d2 43.gxf4+ gxf4 44.Rexe4+ Kd6 0-1

[Event "2. Bundesliga West 2014/15"]
[Site "Diverse"]
[Date "2014.10.11"]
[Round "2"]
[Board "2"]
[White "Durakovic, Alman"]
[Black "Hecht, Hans-Joachim"]
[Result "1/2-1/2"]
[WhiteElo "2314"]
[BlackElo "2326"]
[PlyCount "61"]
[EventDate "2014.10.10"]
[EventType "team"]
[EventRounds "11"]
[EventCountry "AUT"]
[WhiteTeam "SIR Bernhard 2"]
[BlackTeam "Schwarzach"]

1.d4 Nf6 2.c4 e6 3.Nf3 b6 4.a3 d5 5.Bg5 Be7 6.Qa4+ c6 7.Nc3 O-O 8.g3 Bb7 9.cxd5 cxd5
10.Bg2 a6 11.O-O b5 12.Qc2 Nbd7 13.Rfd1 Rc8 14.Rac1 h6 15.Bxf6 Bxf6 16.Qb1 Nb6 17.Na2
Nc4 18.Nb4 a5 19.Nd3 Qb6 20.e3 Rc7 21.Qa2 Be7 22.b4 Ra8 23.Qb3 axb4 24.axb4 Ra3 25.Qb1
Bc6 26.Nc5 Rca7 27.Ne5 Bf6 28.Ng4 Be7 29.Ne5 Bf6 30.Ng4 Be7 31.Ne5 1/2-1/2

[Event "2. Bundesliga West 2014/15"]
[Site "Diverse"]
[Date "2014.10.11"]
[Round "2"]
[Board "3"]
[White "Mikulic, Oliver"]
[Black "Velickovic, Zoran"]
[Result "0-1"]
[WhiteElo "2120"]
[BlackElo "2398"]
[PlyCount "31"]
[EventDate "2014.10.10"]
[EventType "team"]
[EventRounds "11"]
[EventCountry "AUT"]
[WhiteTeam "Schwarzach"]
[BlackTeam "SIR Bernhard 2"]

1.e4 c5 2.Nf3 g6 3.c3 d5 4.exd5 Qxd5 5.d4 Bg7 6.Be3 cxd4 7.Bxd4 Nf6 8.Nbd2 Nc6 9.Bc4
Qh5 10.Ne4 Nxd4 11.Qxd4 O-O 12.Neg5 Ne8 13.Qf4 Nd6 14.h3 h6 15.g4 hxg5 16.Qh2 0-1

[Event "2. Bundesliga West 2014/15"]
[Site "Diverse"]
[Date "2014.10.11"]
[Round "2"]
[Board "4"]
[White "Huch, Reiner"]
[Black "Ljubic, Juro"]
[Result "1-0"]
[WhiteElo "2277"]
[BlackElo "2213"]
[PlyCount "75"]
[EventDate "2014.10.10"]
[EventType "team"]
[EventRounds "11"]
[EventCountry "AUT"]
[WhiteTeam "SIR Bernhard 2"]
[BlackTeam "Schwarzach"]

1.Nf3 Nf6 2.c4 e6 3.d4 Bb4+ 4.Bd2 Qe7 5.Nc3 b6 6.g3 Bb7 7.Bg2 Bxc3 8.Bxc3 Ne4 9.Rc1
O-O 10.O-O Nxc3 11.Rxc3 d6 12.Qc2 Nd7 13.d5 e5 14.b4 a5 15.a3 Ra7 16.e4 Rfa8 17.Rb1
axb4 18.axb4 Ra2 19.Qd3 Nf6 20.h3 Qd7 21.Qe3 Ra1 22.Rcb3 Qa4 23.Nd2 Rxb1+ 24.Rxb1
Qa2 25.Rb3 Bc8 26.c5 bxc5 27.bxc5 dxc5 28.Rc3 Nd7 29.Bf3 Ra4 30.Bg4 c4 31.Kg2 Nb6
32.d6 Bxg4 33.hxg4 c5 34.Qxc5 Qxd2 35.Qxb6 h6 36.Qc6 Ra7 37.Rxc4 g6 38.Qe8+ 1-0

[Event "2. Bundesliga West 2014/15"]
[Site "Diverse"]
[Date "2014.10.11"]
[Round "2"]
[Board "5"]
[White "Stoeckl, Norbert"]
[Black "Harringer, Franz"]
[Result "0-1"]
[WhiteElo "2094"]
[BlackElo "2239"]
[PlyCount "86"]
[EventDate "2014.10.10"]
[EventType "team"]
[EventRounds "11"]
[EventCountry "AUT"]
[WhiteTeam "Schwarzach"]
[BlackTeam "SIR Bernhard 2"]

1.e4 Nf6 2.e5 Nd5 3.d4 d6 4.Nf3 Nc6 5.c4 Nb6 6.exd6 exd6 7.h3 Be7 8.Nc3 Bf5 9.a3 a5
10.b3 O-O 11.Be2 Bf6 12.g4 Bg6 13.h4 d5 14.c5 Nc8 15.g5 Be7 16.Bf4 b6 17.cxb6 cxb6
18.Ne5 Nxe5 19.dxe5 d4 20.Bf3 dxc3 21.Qxd8 Rxd8 22.Bxa8 Na7 23.Bf3 Nb5 24.O-O Nd4
25.Bg4 Nxb3 26.Rad1 c2 27.Rxd8+ Bxd8 28.e6 Be7 29.h5 Bd3 30.Re1 a4 31.exf7+ Kxf7 32.Be6+
Kf8 33.Bxb3 axb3 34.Bc1 Bxg5 35.Re3 Bf5 36.Kf1 Bxe3 37.fxe3 Kf7 38.Ke1 b5 39.Ke2 Be6
40.Kf3 g5 41.hxg6+ Kxg6 42.Kf4 h5 43.Kg3 h4+ 0-1

[Event "2. Bundesliga West 2014/15"]
[Site "Diverse"]
[Date "2014.10.11"]
[Round "2"]
[Board "6"]
[White "Frank, Emanuel"]
[Black "Huber, Josef"]
[Result "1-0"]
[WhiteElo "2178"]
[BlackElo "1975"]
[PlyCount "83"]
[EventDate "2014.10.10"]
[EventType "team"]
[EventRounds "11"]
[EventCountry "AUT"]
[WhiteTeam "SIR Bernhard 2"]
[BlackTeam "Schwarzach"]

1.e4 Nc6 2.Nf3 d5 3.exd5 Qxd5 4.Nc3 Qa5 5.d4 Bg4 6.Bb5 O-O-O 7.Bxc6 bxc6 8.h3 Qh5
9.Qe2 Bxf3 10.gxf3 Qa5 11.Be3 e6 12.Qc4 Bb4 13.Rg1 Bxc3+ 14.bxc3 g6 15.Rg5 Rd5 16.Qxc6
Ne7 17.Rxd5 Nxc6 18.Rxa5 Nxa5 19.Bg5 Kd7 20.Rb1 Re8 21.Bf6 Nc6 22.Kd2 Rb8 23.Rxb8
Nxb8 24.c4 Kc6 25.Kd3 Nd7 26.Be7 f5 27.f4 a6 28.c5 Nb8 29.c4 Kd7 30.Bf6 Kc6 31.Kc3
Nd7 32.Be7 Nb8 33.Kb4 Kd7 34.Bf6 Kc6 35.Ka5 Nd7 36.Be7 Nb8 37.Bg5 Kd7 38.d5 exd5 39.cxd5
c6 40.d6 Kc8 41.Kb6 a5 42.a4 1-0

[Event "2. Bundesliga West 2014/15"]
[Site "Diverse"]
[Date "2014.10.11"]
[Round "2"]
[Board "1"]
[White "Medvegy, Zoltan"]
[Black "Hertneck, Gerald"]
[Result "1-0"]
[WhiteElo "2526"]
[BlackElo "2465"]
[PlyCount "80"]
[EventDate "2014.10.10"]
[EventType "team"]
[EventRounds "11"]
[EventCountry "AUT"]
[WhiteTeam "Ranshofen"]
[BlackTeam "Sparkasse Neumarkt"]

1.e4 e6 2.d4 d5 3.Nc3 Bb4 4.exd5 exd5 5.Bd3 Nc6 6.a3 Be7 7.Be3 Bg5 8.Qf3 Bxe3 9.fxe3
Nf6 10.h3 Be6 11.Nge2 Qe7 12.O-O-O O-O-O 13.Nf4 g5 14.Nfe2 h5 15.Rhf1 Ne8 16.e4 g4
17.Qe3 Nf6 18.e5 Nd7 19.hxg4 hxg4 20.Bb5 Nb6 21.Bxc6 bxc6 22.Nf4 Kb7 23.Nd3 Rh2 24.Nc5+
Ka8 25.Rf2 Nc4 26.Qf4 Qh4 27.b3 g3 28.Qxh4 Rxh4 29.Rf3 Nxa3 30.Rxg3 Nb5 31.Nxb5 cxb5
32.Kb2 Rhh8 33.b4 Rdg8 34.Ra3 Bc8 35.Rda1 a6 36.Nxa6 Bxa6 37.Rxa6+ Kb7 38.Ra7+ Kc6
39.R1a6+ Kd7 40.Rd6+ Kc8 1-0

[Event "2. Bundesliga West 2014/15"]
[Site "Diverse"]
[Date "2014.10.11"]
[Round "2"]
[Board "2"]
[White "Kaspret, Guido"]
[Black "Konnyu, Janos"]
[Result "1/2-1/2"]
[WhiteElo "2308"]
[BlackElo "2339"]
[PlyCount "70"]
[EventDate "2014.10.10"]
[EventType "team"]
[EventRounds "11"]
[EventCountry "AUT"]
[WhiteTeam "Sparkasse Neumarkt"]
[BlackTeam "Ranshofen"]

1.c4 Nf6 2.Nf3 g6 3.Nc3 Bg7 4.e4 d6 5.d4 O-O 6.Be2 e5 7.Be3 exd4 8.Nxd4 Re8 9.f3 c6
10.Bf2 d5 11.exd5 cxd5 12.O-O Nc6 13.cxd5 Nxd5 14.Nxc6 bxc6 15.Nxd5 Qxd5 16.Qxd5 cxd5
17.Bb5 Rd8 18.Bc6 Rb8 19.Bxa7 Rxb2 20.a4 Ba6 21.Rfd1 Rc2 22.Rac1 Rxc1 23.Rxc1 Rc8
24.Be3 d4 25.Bd2 d3 26.Kf1 Bb2 27.Rb1 Rxc6 28.Rxb2 Re6 29.a5 f6 30.Rb6 Kf7 31.Rxe6
Kxe6 32.Ke1 g5 33.Bc3 f5 34.g3 g4 35.fxg4 fxg4 1/2-1/2

[Event "2. Bundesliga West 2014/15"]
[Site "Diverse"]
[Date "2014.10.11"]
[Round "2"]
[Board "3"]
[White "Riediger, Martin"]
[Black "Wuppinger, Manfred"]
[Result "1-0"]
[WhiteElo "2262"]
[BlackElo "2073"]
[PlyCount "97"]
[EventDate "2014.10.10"]
[EventType "team"]
[EventRounds "11"]
[EventCountry "AUT"]
[WhiteTeam "Ranshofen"]
[BlackTeam "Sparkasse Neumarkt"]

1.Nf3 g6 2.d4 Bg7 3.c4 c6 4.Nc3 d5 5.Bf4 Nf6 6.e3 O-O 7.Rc1 Bg4 8.Qb3 Qb6 9.Nd2 Be6
10.c5 Qxb3 11.Nxb3 Nh5 12.Bg5 f6 13.Bh4 Bc8 14.Be2 g5 15.Bxg5 fxg5 16.Bxh5 e5 17.O-O
exd4 18.Nxd4 Bxd4 19.exd4 Rf4 20.Rcd1 Rh4 21.Rfe1 Na6 22.Re8+ Kg7 23.Be2 Kf7 24.Re5
Kf6 25.Bxa6 Rxd4 26.Rxd5 Rxd5 27.Nxd5+ cxd5 28.Bb5 a6 29.Be2 Be6 30.Kf1 h6 31.Bf3
Rd8 32.h3 Rd7 33.Rc1 d4 34.c6 Rc7 35.cxb7 Rxc1+ 36.Bd1 Rc8 37.bxc8=Q Bxc8 38.Bg4 Bb7
39.Bf3 Bc8 40.Bg4 Bb7 41.Bf3 Bc8 42.b4 Be6 43.a4 Bd7 44.Be2 Bxa4 45.Bxa6 Ke5 46.b5
d3 47.Ke1 Kd4 48.b6 Kc3 49.Bxd3 1-0

[Event "2. Bundesliga West 2014/15"]
[Site "Diverse"]
[Date "2014.10.11"]
[Round "2"]
[Board "4"]
[White "Kuess, Mario"]
[Black "Knechtel, Roland"]
[Result "0-1"]
[WhiteElo "2010"]
[BlackElo "2258"]
[PlyCount "74"]
[EventDate "2014.10.10"]
[EventType "team"]
[EventRounds "11"]
[EventCountry "AUT"]
[WhiteTeam "Sparkasse Neumarkt"]
[BlackTeam "Ranshofen"]

1.f4 c5 2.Nf3 g6 3.e3 Bg7 4.Be2 Nc6 5.O-O d6 6.Nc3 a6 7.a4 Nf6 8.Qe1 Nb4 9.Bd1 O-O
10.d3 Rb8 11.Qh4 Bg4 12.e4 Nc6 13.Ne2 c4 14.Ng3 cxd3 15.c3 Bxf3 16.Bxf3 Qb6+ 17.Kh1
d2 18.Bxd2 Qxb2 19.Rfd1 Rfc8 20.Nf1 Qb6 21.Ne3 Qc7 22.g4 e6 23.g5 Ne8 24.f5 Ne5 25.Bg2
Nc4 26.Nxc4 Qxc4 27.f6 Bf8 28.Qg3 b5 29.axb5 axb5 30.h4 Ra8 31.h5 Rxa1 32.Rxa1 Qe2
33.hxg6 hxg6 34.Ra2 Qd1+ 35.Be1 b4 36.Bf3 Qd3 37.Rh2 Qf1+ 0-1

[Event "2. Bundesliga West 2014/15"]
[Site "Diverse"]
[Date "2014.10.11"]
[Round "2"]
[Board "5"]
[White "Spiesberger, Gerhard"]
[Black "Egger, Martin"]
[Result "0-1"]
[WhiteElo "2054"]
[BlackElo "2061"]
[PlyCount "134"]
[EventDate "2014.10.10"]
[EventType "team"]
[EventRounds "11"]
[EventCountry "AUT"]
[WhiteTeam "Ranshofen"]
[BlackTeam "Sparkasse Neumarkt"]

1.e4 e5 2.Nf3 Nc6 3.Bc4 Nf6 4.d3 Bc5 5.O-O d6 6.h3 Na5 7.Nbd2 Nxc4 8.Nxc4 Be6 9.Be3
Bxe3 10.Nxe3 h6 11.d4 exd4 12.Nxd4 Bd7 13.Re1 g6 14.Nd5 O-O 15.Qf3 Nxd5 16.exd5 Re8
17.Rxe8+ Qxe8 18.Qc3 Qe4 19.Re1 Qxd5 20.Re7 Bxh3 21.Qxh3 Qxd4 22.Qf3 Rf8 23.Rxc7 Qxb2
24.a3 d5 25.g3 Qb6 26.Qf4 d4 27.Kh2 Kg7 28.Rd7 Qc5 29.Qe4 b5 30.Rxd4 Rc8 31.Rd2 a5
32.f4 Qc3 33.Re2 b4 34.axb4 axb4 35.Kh3 Rc4 36.Qd3 Qxd3 37.cxd3 Rd4 38.Rb2 Kf6 39.Rb3
g5 40.fxg5+ Kxg5 41.Kg2 Kf5 42.Kf3 Ke5 43.Ke3 Rg4 44.Kf3 h5 45.Rb1 Kd5 46.Rh1 Rg5
47.Rc1 Kd6 48.Rc4 Rb5 49.Ke3 b3 50.Rc1 Kd5 51.Kd2 b2 52.Rb1 Kd4 53.Kc2 Rb6 54.Kd2
Rb7 55.Kc2 Ke3 56.d4 Kxd4 57.Rd1+ Ke4 58.Kb1 Kf3 59.Rd3+ Kg4 60.Rc3 h4 61.gxh4 Kxh4
62.Rf3 Kg4 63.Rf6 Kg5 64.Rf1 f5 65.Rg1+ Kf6 66.Rf1 Rb4 67.Rf2 Kg5 0-1

[Event "2. Bundesliga West 2014/15"]
[Site "Diverse"]
[Date "2014.10.11"]
[Round "2"]
[Board "6"]
[White "Baier, Patrick"]
[Black "Kuecher, Wolfgang"]
[Result "1/2-1/2"]
[WhiteElo "1954"]
[BlackElo "2077"]
[PlyCount "69"]
[EventDate "2014.10.10"]
[EventType "team"]
[EventRounds "11"]
[EventCountry "AUT"]
[WhiteTeam "Sparkasse Neumarkt"]
[BlackTeam "Ranshofen"]

1.Nf3 g6 2.g3 Bg7 3.d4 c5 4.c4 cxd4 5.Nxd4 Nc6 6.Nc2 d6 7.Nc3 Nf6 8.Bg2 O-O 9.O-O
Nd7 10.Nd5 Nb6 11.Nce3 Nxd5 12.Qxd5 Be6 13.Qe4 Rb8 14.Rd1 Qc8 15.Nd5 Re8 16.Nf4 Bf5
17.Qe3 b6 18.Qa3 Na5 19.e4 Nxc4 20.Qb4 Bg4 21.f3 Bd7 22.Bf1 Ne5 23.Qb3 Qb7 24.Kg2
Rbc8 25.Be3 Bc6 26.Nd5 e6 27.Nc3 Red8 28.Rd2 d5 29.Rad1 Nd7 30.exd5 exd5 31.Nxd5 Re8
32.Bg5 Nc5 33.Qc4 Re6 34.b4 Na4 35.b5 1/2-1/2

[Event "2. Bundesliga West 2014/15"]
[Site "Diverse"]
[Date "2014.10.12"]
[Round "3"]
[Board "1"]
[White "Bayer, Bernhard"]
[Black "Berchtenbreiter, Maximilian"]
[Result "0-1"]
[WhiteElo "2441"]
[BlackElo "2384"]
[PlyCount "65"]
[EventDate "2014.10.10"]
[EventType "team"]
[EventRounds "11"]
[EventCountry "AUT"]
[WhiteTeam "Schwaz"]
[BlackTeam "HAK/HAS Innsbruck"]

1.e4 c5 2.Nf3 d6 3.Bb5+ Nd7 4.c3 a6 5.Ba4 Ngf6 6.Qe2 e6 7.O-O Be7 8.d3 O-O 9.h3 b5
10.Bc2 Bb7 11.Bf4 Re8 12.Nbd2 e5 13.Bh2 Bf8 14.Rfe1 d5 15.c4 bxc4 16.dxc4 d4 17.a3
Bc6 18.Qd1 Qa5 19.Re2 Rab8 20.Ra2 g6 21.Nb3 Rxb3 22.Bxb3 Nxe4 23.Bc2 f5 24.Qb1 Bg7
25.Bxe4 fxe4 26.Rxe4 Bxe4 27.Qxe4 Nf6 28.Qc6 e4 29.b4 cxb4 30.Be5 exf3 31.Bxf6 Re1+
32.Kh2 Bxf6 33.Qxf6 0-1